[Event "Campeonato de España Individual"]
[Site "Cala Major-Palma de Mallorca"]
[Date "2009.09.26"]
[Round "1.4"]
[White "Del Rio de Angelis, Salvador Gabriel"]
[Black "Lechado Artigues, Pedro"]
[Result "1-0"]
[WhiteElo "2559"]
[BlackElo "2110"]
[PlyCount "81"]
[EventDate "2009.09.26"]

1. d4 Nf6 2. c4 g6 3. Nc3 Bg7 4. Nf3 O-O 5. Bg5 d6 6. e3 c6 7. Be2 Nbd7 8. O-O
Qc7 9. Nd2 e5 10. d5 c5 11. f4 exf4 12. exf4 a6 13. a4 Kh8 14. Qc2 Ng8 15. Nf3
f5 16. Bh4 h6 17. Bf2 Rf7 18. Bd3 Nf8 19. Rab1 Nf6 20. h3 Bd7 21. b4 cxb4 22.
Rxb4 Re8 23. Bb6 Qc8 24. c5 dxc5 25. Rc4 Ne4 26. Nxe4 fxe4 27. Bxe4 Rxf4 28.
Rxc5 Qa8 29. Bxg6 Bxa4 30. Qb1 Nxg6 31. Qxg6 Rf6 32. Qg4 Bb5 33. Rc7 Rg8 34.
Bd4 Qd8 35. Rfc1 Rg6 36. Bxg7+ R6xg7 37. Rxg7 Rxg7 38. Qe6 Kh7 39. Qf5+ Rg6 40.
Ne5 Qb6+ 41. Kh1 1-0

[Event "Campeonato de España Individual"]
[Site "Cala Major-Palma de Mallorca"]
[Date "2009.09.26"]
[Round "1.6"]
[White "Narciso Dublan, Març"]
[Black "Ruiz Viñals, Matias"]
[Result "1-0"]
[WhiteElo "2533"]
[BlackElo "2101"]
[PlyCount "51"]
[EventDate "2009.09.26"]

1. c4 Nf6 2. Nc3 e6 3. Nf3 b6 4. e4 Bb7 5. Bd3 d6 6. Bc2 Nbd7 7. d4 Be7 8. O-O
e5 9. d5 a5 10. g3 Nc5 11. Nh4 Bc8 12. f3 Bh3 13. Rf2 Nfd7 14. Ng2 h5 15. Ne3
Bg5 16. Ne2 Qf6 17. Qe1 Nf8 18. Qc3 Bd7 19. f4 exf4 20. gxf4 Bh4 21. Rf3 Qg6+
22. Ng3 Qh6 23. Nef5 Bxf5 24. Nxf5 Qg6+ 25. Kh1 Qf6 26. e5 1-0

[Event "Campeonato de España Individual"]
[Site "Cala Major-Palma de Mallorca"]
[Date "2009.09.26"]
[Round "1.7"]
[White "Veganzones Rojo, David"]
[Black "Arizmendi Martinez, Julen Luis"]
[Result "0-1"]
[WhiteElo "2100"]
[BlackElo "2532"]
[PlyCount "89"]
[EventDate "2009.09.26"]

1. d4 Nf6 2. c4 e6 3. Nf3 Nc6 4. Nc3 Bb4 5. Qc2 d6 6. a3 Bxc3+ 7. Qxc3 O-O 8.
g3 Re8 9. Bg2 e5 10. d5 Ne7 11. O-O Ng6 12. Qc2 a5 13. Bg5 h6 14. Bd2 a4 15. e4
Bd7 16. Ne1 c5 17. dxc6 bxc6 18. Nd3 c5 19. Nc1 Ne7 20. Qd3 Qb8 21. Ne2 Nc6 22.
Bc3 Ra6 23. f4 Nd4 24. f5 Bc6 25. Rae1 Rb6 26. Nc1 Qa8 27. h3 Reb8 28. Rf2 Nh5
29. Kh2 Qb7 30. Qd1 Nf6 31. Qd3 Qe7 32. Qd1 Nd7 33. h4 Nf6 34. Kh3 Qb7 35. Qd3
h5 36. Rd2 Ng4 37. Bf3 Nf6 38. Bg2 Qd7 39. Kh2 Rf8 40. Bh3 Qb7 41. Bg2 Kh7 42.
Kh1 Ng4 43. Kg1 Rh8 44. Rf1 Nf6 45. Re1 0-1

[Event "Campeonato de España Individual"]
[Site "Cala Major-Palma de Mallorca"]
[Date "2009.09.26"]
[Round "1.8"]
[White "Cabrera Pino, Alexis"]
[Black "Juan Mas, Santiago"]
[Result "1-0"]
[WhiteElo "2529"]
[BlackElo "2098"]
[PlyCount "67"]
[EventDate "2009.09.26"]

1. e4 g6 2. d4 Bg7 3. Nf3 d6 4. c3 Nf6 5. Bd3 Nc6 6. d5 Nb8 7. h3 c6 8. c4 O-O
9. Nc3 a6 10. O-O b5 11. cxb5 axb5 12. dxc6 b4 13. Nd5 Nxc6 14. Bd2 Be6 15.
Nxb4 Nxb4 16. Bxb4 Bxa2 17. Qd2 Qb6 18. Bc3 Qb7 19. b4 Be6 20. Qb2 Rfb8 21. b5
Bd7 22. Rxa8 Rxa8 23. Rb1 e5 24. Nd2 Be6 25. b6 Nd7 26. Bc4 Nc5 27. Bxe6 fxe6
28. Qb5 Bh6 29. Nc4 Nxe4 30. Be1 Qd5 31. b7 Rb8 32. Na5 Nc5 33. Nc6 Rxb7 34.
Qxb7 1-0

[Event "Campeonato de España Individual"]
[Site "Cala Major-Palma de Mallorca"]
[Date "2009.09.26"]
[Round "1.9"]
[White "Revilla Rio, Francisco"]
[Black "Oms Pallisse, Josep"]
[Result "0-1"]
[WhiteElo "2094"]
[BlackElo "2498"]
[PlyCount "88"]
[EventDate "2009.09.26"]

1. d4 Nf6 2. Nf3 e6 3. e3 b6 4. Bd3 Bb7 5. O-O c5 6. b3 cxd4 7. exd4 d6 8. Re1
Be7 9. c4 O-O 10. Bb2 Nbd7 11. Nbd2 Re8 12. Rc1 Rc8 13. Bb1 Qc7 14. b4 Qb8 15.
Re3 Nf8 16. Qe1 Qa8 17. d5 e5 18. a4 Ng6 19. g3 Rcd8 20. Nh4 Nxh4 21. gxh4 Nh5
22. Rf3 g6 23. Ne4 Bc8 24. h3 Bxh4 25. Qe3 Qb7 26. Ng5 Rf8 27. Kh2 f6 28. Ne6
Bxe6 29. dxe6 Bg5 30. Qb3 Bf4+ 31. Rxf4 Nxf4 32. f3 Qe7 33. Be4 Qxe6 34. Bd5
Nxd5 35. cxd5 Qf5 36. b5 Rde8 37. Ba3 Qf4+ 38. Kg2 e4 39. Rc2 Re5 40. h4 Qxh4
41. Bxd6 exf3+ 42. Qxf3 Rg5+ 43. Bg3 Rxg3+ 44. Qxg3 Qe4+ 0-1

[Event "Campeonato de España Individual"]
[Site "Cala Major-Palma de Mallorca"]
[Date "2009.09.26"]
[Round "1.10"]
[White "Recuero Guerra, David"]
[Black "Valls Casas, Jordi"]
[Result "1-0"]
[WhiteElo "2492"]
[BlackElo "2094"]
[PlyCount "69"]
[EventDate "2009.09.26"]

1. d4 Nf6 2. Nf3 c5 3. d5 g6 4. Nc3 d6 5. h3 Bg7 6. e4 Nbd7 7. Bd3 a6 8. a4 b6
9. O-O O-O 10. Bf4 Bb7 11. Re1 Re8 12. Bc4 Nh5 13. Bh2 Ne5 14. Nd2 Nxc4 15.
Nxc4 b5 16. axb5 Bxc3 17. bxc3 axb5 18. Ne3 Rxa1 19. Qxa1 Nf6 20. c4 bxc4 21.
Nxc4 Nxe4 22. Rxe4 Bxd5 23. Rh4 e5 24. Qa4 Rf8 25. Ne3 Bc6 26. Qxc6 Qxh4 27.
Qxd6 f6 28. Qxc5 Rb8 29. Bg3 Qb4 30. Qd5+ Kg7 31. Qd7+ Kg8 32. Nd5 Qf8 33. Qe6+
Kg7 34. Nxf6 Rb1+ 35. Kh2 1-0

[Event "Campeonato de España Individual"]
[Site "Cala Major-Palma de Mallorca"]
[Date "2009.09.26"]
[Round "1.11"]
[White "Garcia Rodriguez, Victor"]
[Black "Alonso Rosell, Alvar"]
[Result "0-1"]
[WhiteElo "2086"]
[BlackElo "2487"]
[PlyCount "50"]
[EventDate "2009.09.26"]

1. e4 c5 2. Nf3 Nf6 3. Nc3 d5 4. exd5 Nxd5 5. Bb5+ Bd7 6. Bxd7+ Qxd7 7. O-O Nc6
8. Ne4 e6 9. d4 cxd4 10. Nxd4 Be7 11. c3 O-O 12. Nf3 Rad8 13. Qc2 h6 14. Bd2 f5
15. Ng3 e5 16. Rad1 e4 17. Ne1 Kh8 18. Bxh6 gxh6 19. c4 Ncb4 20. Qb3 f4 21.
cxd5 fxg3 22. Qxg3 Nxd5 23. Qe5+ Bf6 24. Qxe4 Nc3 25. Rxd7 Nxe4 0-1

[Event "Campeonato de España Individual"]
[Site "Cala Major-Palma de Mallorca"]
[Date "2009.09.26"]
[Round "1.13"]
[White "Montoya Irigoyen, Iñigo"]
[Black "De La Villa Garcia, Jesus Maria"]
[Result "0-1"]
[WhiteElo "2070"]
[BlackElo "2481"]
[PlyCount "54"]
[EventDate "2009.09.26"]

1. c4 e5 2. g3 Nf6 3. Bg2 h6 4. e4 Bc5 5. Ne2 d6 6. O-O Nc6 7. Nbc3 a6 8. Nd5
Nh7 9. b4 Bxb4 10. Nxb4 Nxb4 11. d4 O-O 12. d5 a5 13. f4 c6 14. Be3 cxd5 15. a3
d4 16. axb4 dxe3 17. bxa5 Rxa5 18. Qb3 Rxa1 19. Rxa1 Qc7 20. f5 Nf6 21. Rd1 Bd7
22. Bf3 Qc5 23. Qxb7 Bc6 24. Qc7 Nxe4 25. Kg2 Nc3 26. Qxd6 Bxf3+ 27. Kxf3 e4+
0-1

[Event "Campeonato de España Individual"]
[Site "Cala Major-Palma de Mallorca"]
[Date "2009.09.26"]
[Round "1.14"]
[White "Almagro Llamas, Pablo"]
[Black "Machin Arbelo, Pedro Alexis"]
[Result "1-0"]
[WhiteElo "2470"]
[BlackElo "2052"]
[PlyCount "93"]
[EventDate "2009.09.26"]

1. e4 c5 2. Nf3 e6 3. d4 cxd4 4. Nxd4 Nf6 5. Nc3 Bb4 6. e5 Nd5 7. Qg4 g6 8. Qg3
a6 9. Bd2 Nxc3 10. Bxc3 Qa5 11. Nb3 Bxc3+ 12. bxc3 Qc7 13. h4 Nc6 14. f4 d6 15.
h5 dxe5 16. hxg6 exf4 17. gxf7+ Qxf7 18. Qh4 e5 19. O-O-O Bf5 20. Rd6 O-O 21.
Rh6 Rad8 22. Be2 Qe7 23. Qxe7 Nxe7 24. Na5 Rd7 25. Nc4 Ng6 26. Nb6 Rd6 27. Nc4
Rd7 28. Nb6 Rg7 29. Nc4 Rd8 30. R6h5 Ne7 31. Nxe5 Rxg2 32. Bd3 Bxd3 33. Nxd3
Ng6 34. Rxh7 Rg1+ 35. Rxg1 Kxh7 36. Kd2 Kg7 37. Ke2 Kf6 38. Kf3 Rc8 39. Nxf4
Rxc3+ 40. Nd3 Rxc2 41. Rb1 b5 42. Nb4 Ne5+ 43. Ke4 Rc4+ 44. Kd5 Nd7 45. Nxa6
Rc2 46. Nb4 Rc5+ 47. Kd6 1-0

[Event "Campeonato de España Individual"]
[Site "Cala Major-Palma de Mallorca"]
[Date "2009.09.26"]
[Round "1.15"]
[White "Bordes Ibanez, Juan"]
[Black "Aloma Vidal, Robert"]
[Result "0-1"]
[WhiteElo "2046"]
[BlackElo "2462"]
[PlyCount "74"]
[EventDate "2009.09.26"]

1. d4 Nf6 2. c4 g6 3. Nc3 Bg7 4. e4 d6 5. f3 O-O 6. Be3 Nc6 7. Nge2 a6 8. Qd2
Rb8 9. g4 b5 10. Ng3 e5 11. d5 Nd4 12. Be2 bxc4 13. h4 Nd7 14. h5 Nc5 15. Bxd4
exd4 16. Nd1 c3 17. bxc3 dxc3 18. Nxc3 Na4 19. Rc1 Bxc3 20. Rxc3 Nxc3 21. Qxc3
Rb1+ 22. Bd1 Bd7 23. Kf2 Qb8 24. Bb3 Rxh1 25. Nxh1 gxh5 26. Ng3 hxg4 27. Qf6
Qd8 28. Nh5 Qxf6 29. Nxf6+ Kg7 30. Nxd7 Rd8 31. Ba4 gxf3 32. Bc6 f6 33. Kxf3
Kf7 34. Kf4 Ke7 35. Kf5 Rxd7 36. Bxd7 Kxd7 37. Kxf6 c5 0-1

[Event "Campeonato de España Individual"]
[Site "Cala Major-Palma de Mallorca"]
[Date "2009.09.26"]
[Round "1.17"]
[White "Navarrete Terrasa, Sebastian"]
[Black "Garza Marco, Sergio"]
[Result "0-1"]
[WhiteElo "2019"]
[BlackElo "2447"]
[PlyCount "80"]
[EventDate "2009.09.26"]

1. e4 g6 2. c4 Bg7 3. d4 d6 4. Nc3 Nd7 5. Nge2 e5 6. d5 Ne7 7. h4 h5 8. Ng3 a5
9. Bg5 Bf6 10. Nb5 Ng8 11. Rc1 Nc5 12. Be3 Bd7 13. Bxc5 dxc5 14. Qb3 Kf8 15. d6
Bxb5 16. dxc7 Qxc7 17. cxb5 Rd8 18. b6 Qd6 19. Rd1 Qxd1+ 20. Qxd1 Rxd1+ 21.
Kxd1 Bd8 22. Bc4 Nf6 23. Kc2 Bxb6 24. Kb3 Ke7 25. Rd1 Rd8 26. Rxd8 Bxd8 27. f3
Ne8 28. Ne2 Nd6 29. Bd5 b5 30. Nc3 a4+ 31. Kc2 Kd7 32. g3 Kc7 33. a3 Kb6 34.
Nd1 c4 35. Kd2 Kc5 36. Nc3 g5 37. hxg5 Bxg5+ 38. Ke2 Bc1 39. Nd1 b4 40. Ke1
Bxb2 0-1

[Event "Campeonato de España Individual"]
[Site "Cala Major-Palma de Mallorca"]
[Date "2009.09.26"]
[Round "1.18"]
[White "Teran Alvarez, Ismael"]
[Black "Castell Cantero, Salvador"]
[Result "1-0"]
[WhiteElo "2432"]
[BlackElo "1977"]
[PlyCount "57"]
[EventDate "2009.09.26"]

1. c4 Nf6 2. Nc3 e6 3. d4 d5 4. cxd5 exd5 5. Bg5 Be7 6. e3 O-O 7. Bd3 c6 8.
Nge2 Bg4 9. f3 Bh5 10. Nf4 Bg6 11. Nxg6 fxg6 12. O-O Nbd7 13. Bh4 Nb6 14. Bf2
Qc7 15. Kh1 Rae8 16. Rc1 Qd7 17. Bg1 Bb4 18. a3 Bd6 19. Rc2 Nh5 20. Re2 Qe7 21.
g4 Nf6 22. Rg2 Qd7 23. e4 dxe4 24. fxe4 Bc7 25. h3 h5 26. e5 Nfd5 27. Bxg6 Rxf1
28. Qxf1 Rf8 29. Bh7+ 1-0

[Event "Campeonato de España Individual"]
[Site "Cala Major-Palma de Mallorca"]
[Date "2009.09.26"]
[Round "1.19"]
[White "Andreu Lopez, Santiago"]
[Black "Bellon Lopez, Juan Manuel"]
[Result "0-1"]
[WhiteElo "1977"]
[BlackElo "2430"]
[PlyCount "60"]
[EventDate "2009.09.26"]

1. e4 c5 2. Nf3 Qa5 3. Be2 g6 4. O-O Bg7 5. c3 Nf6 6. e5 Nd5 7. d4 cxd4 8. cxd4
O-O 9. Bd2 Qc7 10. Nc3 Nxc3 11. Bxc3 d6 12. Rc1 dxe5 13. dxe5 Nc6 14. Qa4 Be6
15. Bc4 Bxc4 16. Qxc4 Rac8 17. e6 f6 18. Rfd1 Nb8 19. Qa4 a6 20. Rd7 Nxd7 21.
exd7 Rcd8 22. Rd1 e6 23. Ba5 b6 24. Bb4 Rf7 25. Qxa6 Rfxd7 26. Rxd7 Rxd7 27. g3
Qc6 28. h4 Bf8 29. Bxf8 Qxf3 30. Bd6 Qd1+ 0-1

[Event "Campeonato de España Individual"]
[Site "Cala Major-Palma de Mallorca"]
[Date "2009.09.26"]
[Round "1.20"]
[White "Del Rey, Diego"]
[Black "Damians Janes, Jordi"]
[Result "1-0"]
[WhiteElo "2419"]
[BlackElo "1974"]
[PlyCount "38"]
[EventDate "2009.09.26"]

1. d4 Nf6 2. c4 e5 3. dxe5 Ng4 4. Bf4 Bb4+ 5. Nd2 d6 6. Ngf3 Nc6 7. exd6 Qf6 8.
e3 Qxb2 9. Be2 Bf5 10. O-O Bc2 11. Qc1 Ba3 12. Qe1 Nb4 13. h3 Bd3 14. Bxd3 Nxd3
15. Qe2 Ngxf2 16. Rab1 Qc2 17. Nd4 Qxa2 18. Ra1 Qb2 19. Rfb1 Qc3 1-0

[Event "Campeonato de España Individual"]
[Site "Cala Major-Palma de Mallorca"]
[Date "2009.09.26"]
[Round "1.22"]
[White "Estremera Panos, Sergio"]
[Black "Abadia Pascual, Luis"]
[Result "1/2-1/2"]
[WhiteElo "2402"]
[BlackElo "1958"]
[PlyCount "76"]
[EventDate "2009.09.26"]

1. d4 f5 2. Nf3 Nf6 3. g3 g6 4. Bg2 Bg7 5. b4 d6 6. Bb2 O-O 7. O-O c6 8. c4 Be6
9. d5 cxd5 10. Ng5 Bf7 11. cxd5 Qb6 12. a3 Nbd7 13. Nxf7 Rxf7 14. Nd2 Rc8 15.
Rc1 Rff8 16. Nb3 Ne5 17. Bxe5 dxe5 18. Nc5 Rfd8 19. Qb3 Kh8 20. e4 Bh6 21. Rc3
fxe4 22. Bh3 Rc7 23. Be6 Qd6 24. Re1 e3 25. fxe3 b6 26. Rec1 Nxd5 27. e4 Bxc1
28. exd5 Bh6 29. Ne4 Rxc3 30. Qxc3 Qb8 31. Qc4 Be3+ 32. Kg2 Qb7 33. h4 Rf8 34.
Qd3 Bd4 35. h5 Qc7 36. hxg6 Qc1 37. Kh3 Qh1+ 38. Kg4 Qg2 1/2-1/2

[Event "Campeonato de España Individual"]
[Site "Cala Major-Palma de Mallorca"]
[Date "2009.09.26"]
[Round "1.23"]
[White "Redondo Pomar, Antonio"]
[Black "Camacho Collados, Jose"]
[Result "0-1"]
[WhiteElo "1955"]
[BlackElo "2401"]
[PlyCount "80"]
[EventDate "2009.09.26"]

1. d4 Nf6 2. c4 g6 3. Nc3 d5 4. cxd5 Nxd5 5. g3 Bg7 6. Bg2 Nb6 7. Nf3 Nc6 8. e3
e5 9. dxe5 Qxd1+ 10. Nxd1 Nc4 11. O-O N6xe5 12. Nd4 Nd3 13. b3 c5 14. bxc4 cxd4
15. Rb1 O-O 16. Ba3 Re8 17. Bd6 Be6 18. c5 Bxa2 19. Rxb7 a5 20. Nb2 dxe3 21.
Nxd3 Bc4 22. fxe3 Rxe3 23. Nb2 Bxf1 24. Kxf1 Rae8 25. Bd5 Re1+ 26. Kg2 R8e2+
27. Kh3 Rxb2 28. Rxf7 Kh8 29. Ra7 Be5 30. Ra8+ Kg7 31. Bf8+ Kf6 32. Rxa5 Ree2
33. Ra6+ Kf5 34. Be6+ Kg5 35. Be7+ Kh6 36. Bf8+ Bg7 37. Bxg7+ Kxg7 38. Bd7 h5
39. Kh4 Rb5 40. c6 Rxh2+ 0-1

[Event "Campeonato de España Individual"]
[Site "Cala Major-Palma de Mallorca"]
[Date "2009.09.26"]
[Round "1.24"]
[White "Vehi Bach, Victor Manuel"]
[Black "Miguelez Garcia, Erlantz"]
[Result "1-0"]
[WhiteElo "2381"]
[BlackElo "1948"]
[PlyCount "75"]
[EventDate "2009.09.26"]

1. e4 c5 2. Nf3 d6 3. d4 cxd4 4. Nxd4 Nf6 5. Nc3 a6 6. Be3 e5 7. Nb3 Be7 8. Qd2
Be6 9. O-O-O Nbd7 10. f3 Qc7 11. g4 Nb6 12. g5 Nh5 13. Kb1 O-O 14. Qf2 Nc4 15.
Bxc4 Bxc4 16. Rhg1 Rac8 17. f4 Nxf4 18. Bxf4 exf4 19. Qxf4 g6 20. h4 f6 21. Qd2
Rf7 22. h5 fxg5 23. hxg6 hxg6 24. Rh1 Bf6 25. Rh6 Rg7 26. Nd5 Bxd5 27. Qxd5+
Qf7 28. Qxd6 Re8 29. Rf1 Re6 30. Qb8+ Re8 31. Qh2 Qe7 32. Rh8+ Kf7 33. Rxe8
Kxe8 34. Qb8+ Qd8 35. Qg3 Qe7 36. Nc1 Qe5 37. Qb3 Qxe4 38. Rxf6 1-0

[Event "Campeonato de España Individual"]
[Site "Cala Major-Palma de Mallorca"]
[Date "2009.09.26"]
[Round "1.26"]
[White "Hernandez Gallardo, Fco Javier"]
[Black "Diaz Sanchez, Jose Francisco"]
[Result "1-0"]
[WhiteElo "2360"]
[BlackElo "1926"]
[PlyCount "55"]
[EventDate "2009.09.26"]

1. e4 c5 2. Nf3 e6 3. d3 Nc6 4. g3 g6 5. d4 cxd4 6. Nxd4 Bg7 7. Nb5 d5 8. exd5
exd5 9. Qxd5 Qe7+ 10. Be2 Be5 11. O-O Nf6 12. Qg2 O-O 13. c3 a6 14. N5a3 Nd7
15. Nc4 Bg7 16. Be3 Nce5 17. Nbd2 Rb8 18. Rfe1 b5 19. Na5 Qd8 20. Ndb3 Qc7 21.
Bf4 Re8 22. Bf1 Nc5 23. Bxe5 Rxe5 24. Qc6 Qxc6 25. Nxc6 Rxe1 26. Rxe1 Nxb3 27.
Re8+ Bf8 28. Nxb8 1-0

[Event "Campeonato de España Individual"]
[Site "Cala Major-Palma de Mallorca"]
[Date "2009.09.26"]
[Round "1.27"]
[White "Suau Mercer, Pedro"]
[Black "Vega Gutierrez, Sabrina"]
[Result "0-1"]
[WhiteElo "1924"]
[BlackElo "2357"]
[PlyCount "66"]
[EventDate "2009.09.26"]

1. Nf3 d5 2. b4 c6 3. Bb2 Nf6 4. e3 Bg4 5. c4 Nbd7 6. d4 dxc4 7. Bxc4 e6 8. a3
a5 9. bxa5 Qxa5+ 10. Bc3 Qc7 11. Be2 Ne4 12. Bb2 Qa5+ 13. Nfd2 Bxe2 14. Qxe2
Nb6 15. O-O Nxd2 16. Nxd2 Na4 17. Rfb1 Be7 18. Qd3 O-O 19. Nc4 Qa6 20. Bc1 b5
21. Ne5 f6 22. Nf3 Rfd8 23. Qb3 Kf7 24. Ne1 Qa5 25. Nf3 Nb6 26. Bd2 Qa4 27.
Qxa4 Rxa4 28. Bb4 Rda8 29. Bc5 Nc4 30. Rc1 Bxc5 31. dxc5 e5 32. Rc3 Nxa3 33.
Nd2 Nc4 0-1

[Event "Campeonato de España Individual"]
[Site "Cala Major-Palma de Mallorca"]
[Date "2009.09.26"]
[Round "1.28"]
[White "Alvarez Fernandez, Enrique"]
[Black "Cerdo Fernandez, Miguel"]
[Result "1-0"]
[WhiteElo "2340"]
[BlackElo "1921"]
[PlyCount "107"]
[EventDate "2009.09.26"]

1. d4 Nf6 2. Nf3 g6 3. Bf4 Bg7 4. e3 O-O 5. Be2 d6 6. h3 Bf5 7. O-O Nbd7 8. Nh4
e5 9. Nxf5 exf4 10. Nxg7 Kxg7 11. exf4 Nd5 12. g3 Qf6 13. Bf3 Ne7 14. c3 Nc6
15. Nd2 Rae8 16. Re1 Qd8 17. Qb3 Nb6 18. a4 Rxe1+ 19. Rxe1 Re8 20. Ra1 a5 21.
Nc4 Nxc4 22. Qxc4 Qd7 23. Qb5 Re7 24. Kg2 Nd8 25. Qxa5 b6 26. Qb5 Qxb5 27. axb5
Kf6 28. Ra7 Ne6 29. Bd5 h5 30. Kf3 Ng7 31. g4 hxg4+ 32. hxg4 g5 33. fxg5+ Kxg5
34. Ra8 f6 35. Kg3 Ne6 36. Bxe6 Rxe6 37. f4+ Kh6 38. Kf3 Kg7 39. Rc8 Re7 40. b4
Kf7 41. f5 Kg7 42. c4 Kf7 43. Kf4 Kg7 44. g5 Kf7 45. Rh8 fxg5+ 46. Kxg5 Re4 47.
Rh7+ Kf8 48. Rxc7 Rxd4 49. Kf6 Kg8 50. Ke6 Kf8 51. f6 Re4+ 52. Kxd6 Rf4 53. Rc6
Kf7 54. Kc7 1-0

[Event "Campeonato de España Individual"]
[Site "Cala Major-Palma de Mallorca"]
[Date "2009.09.26"]
[Round "1.29"]
[White "Oliver Font, Jose Luis"]
[Black "Fernandez Siles, Luis"]
[Result "0-1"]
[WhiteElo "1915"]
[BlackElo "2334"]
[PlyCount "72"]
[EventDate "2009.09.26"]

1. e4 c5 2. Nf3 d6 3. d4 cxd4 4. Nxd4 Nf6 5. Nc3 g6 6. Be2 Bg7 7. Nb3 O-O 8.
O-O Nc6 9. Re1 Be6 10. Bf1 Rc8 11. h3 Ne5 12. Nd5 Nc4 13. Nf4 Bd7 14. c3 b5 15.
Nd2 Nb6 16. Qb3 a6 17. c4 e5 18. Nd5 Nfxd5 19. cxd5 f5 20. exf5 gxf5 21. Nf3 e4
22. Bg5 Qe8 23. Bf4 Qg6 24. Nd2 Na4 25. Rab1 Rfe8 26. Re3 Qf6 27. Qa3 Rc5 28.
Qb3 Kh8 29. Rg3 Bh6 30. Qe3 Bxf4 31. Qxf4 Rxd5 32. b3 Nc5 33. Be2 Ne6 34. Qe3
f4 35. Nxe4 Qe5 36. Qf3 Nd4 0-1

[Event "Campeonato de España Individual"]
[Site "Cala Major-Palma de Mallorca"]
[Date "2009.09.26"]
[Round "1.30"]
[White "Valmana Canto, Jaime"]
[Black "Moreno Mateos, Jose Luis"]
[Result "1-0"]
[WhiteElo "2332"]
[BlackElo "1908"]
[PlyCount "47"]
[EventDate "2009.09.26"]

1. e4 c6 2. d4 d5 3. e5 Bf5 4. Nc3 h5 5. Bd3 Bxd3 6. Qxd3 e6 7. Nh3 Nh6 8. Ne2
Na6 9. O-O c5 10. Bxh6 Rxh6 11. c4 Be7 12. Rfd1 Qd7 13. dxc5 Nxc5 14. Qf3 g5
15. cxd5 exd5 16. Qxd5 O-O-O 17. Nc3 Qf5 18. Qc4 Rc6 19. Nb5 Rxd1+ 20. Rxd1 Qg4
21. Rd4 Kb8 22. Rxg4 Nd3 23. Qxc6 bxc6 24. Rd4 1-0

[Event "Campeonato de España Individual"]
[Site "Cala Major-Palma de Mallorca"]
[Date "2009.09.26"]
[Round "1.31"]
[White "Figuerola Campins, Antonio"]
[Black "Garcia Del Rey, Senen"]
[Result "0-1"]
[WhiteElo "1904"]
[BlackElo "2319"]
[PlyCount "64"]
[EventDate "2009.09.26"]

1. e4 c5 2. Nf3 a6 3. d4 cxd4 4. Nxd4 e5 5. Nb3 Nf6 6. Nc3 Nc6 7. Be2 b5 8. Bg5
Be7 9. Qd3 Nb4 10. Qd2 O-O 11. Bxf6 Bxf6 12. Nxb5 Nxc2+ 13. Qxc2 axb5 14. Bxb5
Bb7 15. O-O d5 16. Rfd1 d4 17. a4 Rc8 18. Qe2 Qd6 19. a5 Qb4 20. Ra3 Bxe4 21.
Qxe4 Qxb5 22. Qd3 Qd5 23. a6 e4 24. Qh3 d3 25. Nd2 Bxb2 26. Ra4 Bd4 27. Qg4 f5
28. Qf4 Ba7 29. Rb1 Rc2 30. Rb7 Rc1+ 31. Nf1 d2 32. Qg5 Rxf1+ 0-1

[Event "Campeonato de España Individual"]
[Site "Cala Major-Palma de Mallorca"]
[Date "2009.09.26"]
[Round "1.36"]
[White "Garcia Garcia, Ruben"]
[Black "Caliz Morales, Felipe"]
[Result "1-0"]
[WhiteElo "2278"]
[BlackElo "1885"]
[PlyCount "91"]
[EventDate "2009.09.26"]

1. e4 g6 2. d4 d6 3. f4 Bg7 4. Nc3 c6 5. Nf3 Nf6 6. Bd3 Bg4 7. O-O O-O 8. Be3
Qc7 9. h3 Bxf3 10. Qxf3 Nbd7 11. e5 Ne8 12. h4 e6 13. h5 c5 14. hxg6 fxg6 15.
d5 Nxe5 16. Qh3 Nxd3 17. Qxe6+ Qf7 18. Qxf7+ Rxf7 19. cxd3 Nc7 20. a4 a6 21. g3
Raf8 22. Rfe1 Re7 23. Bf2 Rfe8 24. Ne4 Nxd5 25. Nxd6 Rxe1+ 26. Rxe1 Rxe1+ 27.
Bxe1 b6 28. b3 Kf8 29. Ne4 Bd4+ 30. Kf1 Ke7 31. a5 b5 32. Bf2 Nb4 33. Nxc5 Bxf2
34. Kxf2 Kd6 35. Ne4+ Kd5 36. Ke3 h6 37. d4 Nc2+ 38. Kd3 Nxd4 39. Nc3+ Kc5 40.
b4+ Kxb4 41. Kxd4 Kxa5 42. g4 Kb4 43. f5 gxf5 44. gxf5 Kb3 45. f6 b4 46. Nd5
1-0

[Event "Campeonato de España Individual"]
[Site "Cala Major-Palma de Mallorca"]
[Date "2009.09.26"]
[Round "1.32"]
[White "Astasio Lopez, David"]
[Black "Aguilo Pons, Francesc"]
[Result "1-0"]
[WhiteElo "2315"]
[BlackElo "1899"]
[PlyCount "96"]
[EventDate "2009.09.26"]

1. d4 d5 2. Nf3 Nf6 3. Nbd2 c6 4. e3 g6 5. Be2 Bg7 6. O-O O-O 7. c4 Bg4 8. b4
a6 9. Bb2 h6 10. a4 Nbd7 11. c5 a5 12. b5 Ne4 13. Ra2 Nxd2 14. Qxd2 Re8 15. h3
Bxf3 16. Bxf3 e5 17. dxe5 Bxe5 18. Bd4 Qg5 19. Rb1 Bxd4 20. exd4 Qxd2 21. Rxd2
Ra7 22. Kf1 f5 23. h4 Kf7 24. g3 h5 25. Re2 Rxe2 26. Kxe2 Ke7 27. Ke3 Kf6 28.
Kd3 Ke6 29. Ke3 Kf6 30. Bg2 Ke6 31. Kf4 Kf6 32. Bh3 Ke6 33. Bf1 Ke7 34. Bd3 Kf7
35. Bc2 Ke6 36. f3 Kf7 37. Bd3 Kg7 38. Be2 Kf6 39. g4 fxg4 40. fxg4 hxg4 41.
Kxg4 Nf8 42. bxc6 bxc6 43. Rb6 Rc7 44. Bb5 Ne6 45. Rxc6 Rxc6 46. Bxc6 Nxd4 47.
Bxd5 Ne6 48. Bxe6 Kxe6 1-0

[Event "Campeonato de España Individual"]
[Site "Cala Major-Palma de Mallorca"]
[Date "2009.09.26"]
[Round "1.33"]
[White "Lucena Cifre, Rafael Jose"]
[Black "Fenollar Jorda, Manuel"]
[Result "0-1"]
[WhiteElo "1896"]
[BlackElo "2311"]
[PlyCount "70"]
[EventDate "2009.09.26"]

1. d4 d5 2. c4 c6 3. Nc3 Nf6 4. Nf3 e6 5. cxd5 exd5 6. e3 Bd6 7. Bd3 O-O 8. O-O
Bg4 9. h3 Bh5 10. e4 dxe4 11. Nxe4 Nxe4 12. Bxe4 Nd7 13. Qb3 Qb6 14. Qxb6 axb6
15. g4 Bg6 16. Bxg6 hxg6 17. Be3 b5 18. Nd2 Rfe8 19. Nb3 Nb6 20. Rfe1 Nc4 21.
Re2 f5 22. Rc2 Nxe3 23. fxe3 Rxe3 24. Nc5 Rg3+ 25. Rg2 Rxg2+ 26. Kxg2 Bxc5 27.
dxc5 Rd8 28. Rf1 Rd2+ 29. Rf2 Rxf2+ 30. Kxf2 Kf7 31. Kf3 Kf6 32. h4 g5 33. h5
g6 34. b4 fxg4+ 35. Kxg4 gxh5+ 0-1

[Event "Campeonato de España Individual"]
[Site "Cala Major-Palma de Mallorca"]
[Date "2009.09.26"]
[Round "1.37"]
[White "Javaloy Guerrero, Manuel A"]
[Black "Garcia-Ortega Mendez, Jose M"]
[Result "0-1"]
[WhiteElo "1878"]
[BlackElo "2277"]
[PlyCount "42"]
[EventDate "2009.09.26"]

1. Nf3 Nf6 2. g3 g6 3. Bg2 Bg7 4. O-O O-O 5. d4 d6 6. c4 c6 7. Nc3 Qa5 8. Re1
Qh5 9. h4 e5 10. dxe5 dxe5 11. Ng5 h6 12. Bf3 Bg4 13. Nge4 Nbd7 14. Bxg4 Qxg4
15. f3 Qh3 16. Qd6 Rad8 17. Be3 Nxe4 18. Nxe4 Nb6 19. Qe7 f5 20. Qe6+ Kh7 21.
Bf2 Rde8 0-1